Sauna Quiz - Statistiken

Allgemein
  • Dieses Quiz wurde 191 mal gespielt
  • Das Durchschnittsergebnis liegt bei 6 aus 8
Antwortstatistiken
Frage Antwort % Korrekt
Welches Land ist für die Sauna bekannt? Finnland
98%
Was sollte man nach dem Saunieren reichlich zu sich nehmen? Flüssigkeit
92%
Was für eine Unterlage sollte jeder mit in die Sauna nehmen? Handtuch
91%
Wie wird der Vorgang genannt bei dem Wasser auf den Ofen geschüttet wird? Aufguss
82%
Was liegt oben auf dem Ofen? Wichtig für den oben beschriebenen Prozess Saunasteine
72%
Variante der Sauna mit niedrigerer Temperatur und höherer Luftfeuchtigkeit Dampfbad
67%
Variante der Sauna bei der die Wärme von Strahlern kommt, die Luft an sich wird nicht erhitzt Infrarotsauna
42%
Nutzung einer Sauna mit der Anbahnung oder der Durchführung von sexuellen Kontakten Kontaktsauna / Saunaclub
17%
Keine übereinstimmenden Quizze gefunden
Verteilung der Resultate
Anzahl Personen mit jedem Resultat
Perzentil nach korrekt beantworteten Fragen
Ihre Resultats-Entwicklung
Sie haben dieses Quiz noch nicht gespielt